[Event "POR-ch U18"]
[Site "Luso"]
[Date "2018.03.27"]
[Round "5"]
[White "Soares, Manuel Antonio"]
[Black "Sa, Luis Afonso"]
[Result "0-1"]
[WhiteElo "1142"]
[BlackElo "1531"]
[PlyCount "98"]
[EventDate "2018.03.24"]
[EventType "swiss"]
[EventRounds "7"]
[EventCountry "POR"]
[SourceTitle "EXT 2019"]
[Source "ChessBase"]
[SourceDate "2018.10.10"]
[SourceVersion "1"]
[SourceVersionDate "2018.10.10"]
[SourceQuality "1"]

1. e4 c5 2. Nf3 Nc6 3. d4 cxd4 4. Nxd4 g6 5. Nc3 Bg7 6. Be3 Nf6 7. Bc4 Qa5 8. 0-0 0-0 9. Bb3 d6 10. h3 Bd7 11. Nxc6 Bxc6 12. Nd5 Nxd5 13. exd5 Bd7 14. Bd4 Rac8 15. Bxg7 Kxg7 16. Re1 Rfe8 17. Qd4+ Kg8 18. c4 Qc5 19. Rad1 Rc7 20. Qxc5 Rxc5 21. Rd4 b5 22. f3 Kf8 23. Rc1 Rec8 24. Kf2 a5 25. a3 Rb8 26. Ke3 bxc4 27. Bxc4 Rxb2 28. Rd2 Rxd2 29. Kxd2 Kg7 30. Bd3 Rxd5 31. Rc7 Bb5 32. Rc3 Kf6 33. f4 e5 34. fxe5+ Kxe5 35. Ke3 Rxd3+ 36. Rxd3 Bxd3 37. Kxd3 Kd5 38. g3 h6 39. h4 h5 40. a4 Ke5 41. Kc4 d5+ 42. Kb5 d4 43. Kxa5 d3 44. Kb6 d2 45. a5 d1Q 46. a6 Qd8+ 47. Kb7 Kd6 48. g4 Qc7+ 49. Ka8 Kc6 0-1

[Event "POR-ch U18"]
[Site "Luso"]
[Date "2018.03.25"]
[Round "2"]
[White "Soares, Manuel Antonio"]
[Black "Sousa, Hugo Carneiro"]
[Result "0-1"]
[WhiteElo "1142"]
[BlackElo "1916"]
[PlyCount "64"]
[EventDate "2018.03.24"]
[EventType "swiss"]
[EventRounds "7"]
[EventCountry "POR"]
[SourceTitle "EXT 2019"]
[Source "ChessBase"]
[SourceDate "2018.10.10"]
[SourceVersion "1"]
[SourceVersionDate "2018.10.10"]
[SourceQuality "1"]

1. e4 e6 2. d4 d5 3. e5 c5 4. c3 Nc6 5. Nf3 Bd7 6. Be2 Nge7 7. 0-0 cxd4 8. cxd4 Qb6 9. b3 Nf5 10. Be3 Nxe3 11. fxe3 Be7 12. Nc3 0-0 13. Na4 Qa5 14. Qe1 Qc7 15. Rc1 Rac8 16. Bb5 a6 17. Be2 Rfd8 18. Qg3 Be8 19. Ng5 h6 20. Nf3 Qa5 21. Qe1 Qc7 22. Nd2 Bb4 23. Qd1 Qa5 24. Nb1 Na7 25. Rxc8 Rxc8 26. a3 Be7 27. Nb2 Bxa3 28. Nxa3 Qxa3 29. Nd3 Nb5 30. Nc5 Nc3 31. Qd2 Nxe2+ 32. Qxe2 Bb5 0-1

[Event "POR-ch U16"]
[Site "Luso"]
[Date "2017.04.10"]
[Round "4"]
[White "Soares, Manuel Antonio"]
[Black "Carvalho, Lia Cortes"]
[Result "1-0"]
[WhiteElo "1180"]
[BlackElo "1075"]
[PlyCount "111"]
[EventDate "2017.04.08"]
[EventType "swiss"]
[EventRounds "7"]
[EventCountry "POR"]
[SourceTitle "EXT 2018"]
[Source "ChessBase"]
[SourceDate "2017.10.13"]
[SourceVersion "1"]
[SourceVersionDate "2017.10.13"]
[SourceQuality "1"]

1. e4 e5 2. Nf3 Nc6 3. Bb5 Bc5 4. 0-0 Nf6 5. d3 0-0 6. Bxc6 bxc6 7. Nxe5 Re8 8. Nf3 d6 9. h3 h6 10. Be3 Bxe3 11. fxe3 Bb7 12. Nc3 Qe7 13. Qd2 c5 14. Rac1 Rad8 15. Rfe1 a6 16. Qf2 Qe6 17. Nh4 d5 18. Qf5 Qxf5 19. exf5 d4 20. Na4 dxe3 21. Nxc5 Bc8 22. Nf3 g6 23. fxg6 fxg6 24. Re2 Re7 25. Rce1 Rde8 26. Nh2 Re5 27. Nb3 Nd5 28. c4 Nb4 29. a3 Nxd3 30. Rd1 Nf4 31. Ree1 e2 32. Rd2 Bb7 33. Nd4 Bxg2 34. Nxe2 Nxe2+ 35. Kf2 Bxh3 36. Rdxe2 Rf8+ 37. Kg3 Rxe2 38. Rxe2 Bf5 39. Re7 Rf7 40. Re8+ Kg7 41. Ng4 h5 42. Ne5 Rf6 43. Kh4 Be6 44. Re7+ Kf8 45. Rxc7 Rf4+ 46. Kg5 Rf5+ 47. Kxg6 Rxe5 48. Kf6 Re2 49. b4 h4 50. Ra7 h3 51. Ra8+ Bc8 52. Rxc8+ Re8 53. Rc7 Kg8 54. Rg7+ Kf8 55. Rh7 Re3 56. Rh8# 1-0

[Event "POR-ch U16"]
[Site "Luso"]
[Date "2016.07.21"]
[Round "2"]
[White "Soares, Manuel Antonio"]
[Black "Valente, Miguel Consolado M"]
[Result "0-1"]
[WhiteElo "1156"]
[BlackElo "1456"]
[PlyCount "68"]
[EventDate "2016.07.20"]
[EventType "swiss"]
[EventRounds "7"]
[EventCountry "POR"]
[SourceTitle "EXT 2018"]
[Source "ChessBase"]
[SourceDate "2017.10.13"]
[SourceVersion "1"]
[SourceVersionDate "2017.10.13"]
[SourceQuality "1"]

1. e4 c6 2. d4 d5 3. Nc3 dxe4 4. Nxe4 Bf5 5. Ng3 Bg6 6. Nf3 h6 7. Bf4 Nf6 8. Bc4 e6 9. 0-0 Nd5 10. Bxd5 cxd5 11. Re1 Be7 12. Ne5 Bh7 13. Qh5 Bg8 14. Qe2 Nd7 15. Qb5 b6 16. Nh5 Bf8 17. Bg3 a6 18. Qxd7+ Qxd7 19. Nxd7 Kxd7 20. b3 Rc8 21. Rac1 Bh7 22. c4 Bb4 23. Red1 Ba3 24. Rc3 Rhg8 25. Rf3 Bg6 26. Nf4 Be4 27. Re3 Rc6 28. f3 Bf5 29. cxd5 exd5 30. Nxd5 Rgc8 31. Re7+ Bxe7 32. Nxe7 Kxe7 33. d5 Rc1 34. d6+ Kd7 0-1